Aktualizace agrárního programu.

Výrazný nárast cien potravín a cien za verejné stravovanie po liberalizácii cien od 1.1.1991. Agrárny trh ČR. Zníženie dopytu po potravinách v r. 1991 oproti r. 1990 o 15-20 perc. Vývoz poľnohospodárskych a potravinárskych výrobkov z ČR. Vývoz väčšiny výrobkov je značne stratový. Spracovateľský prie...

Descrizione completa

Salvato in:
Dettagli Bibliografici
Autore principale: Kolaja, F.
Natura: Capitolo di libro
Lingua:ceco
Soggetti:
Tags: Aggiungi Tag
Nessun Tag, puoi essere il primo ad aggiungerne!!

MARC

LEADER 00000naa a2200000 4500
001 r012331
005 20220831094526.3
041 0 |a cze 
044 |a SK 
245 1 0 |a Aktualizace agrárního programu.  |c F. Kolaja 
520 |a Výrazný nárast cien potravín a cien za verejné stravovanie po liberalizácii cien od 1.1.1991. Agrárny trh ČR. Zníženie dopytu po potravinách v r. 1991 oproti r. 1990 o 15-20 perc. Vývoz poľnohospodárskych a potravinárskych výrobkov z ČR. Vývoz väčšiny výrobkov je značne stratový. Spracovateľský priemysel, veľkoobchod a maloobchod na agrárnom trhu v r. 1991. Poľnohospodárska výroba (ponuka) v r. 1991. Pokr. 
610 2 0 |a trh 
610 2 0 |a výrobky poľnohospodárske 
610 2 0 |a Čechy 
610 2 0 |a ceny výrobkov poľnohospodárskych 
610 2 0 |a vývoz 
610 2 0 |a výroba poľnohospodárska 
610 2 0 |a dopyt spotrebiteľský 
100 1 |a Kolaja, F.